<?xml version="1.0" encoding="UTF-8"?>
<marc:record xmlns:marc="http://www.loc.gov/MARC21/slim">
   <marc:leader>00000nam a2200000 a 4500</marc:leader>
   <marc:datafield ind1="1" ind2=" " tag="100">
      <marc:subfield code="a">Lackner, Herbert</marc:subfield>
      <marc:subfield code="4">aut</marc:subfield>
      <marc:subfield code="e">Verfasser/-in</marc:subfield>
   </marc:datafield>
   <marc:datafield ind1="0" ind2="0" tag="245">
      <marc:subfield code="a">1945</marc:subfield>
   </marc:datafield>
   <marc:datafield ind1="0" ind2="0" tag="245">
      <marc:subfield code="b">Schwerer Start in eine neue Zeit</marc:subfield>
   </marc:datafield>
   <marc:datafield ind1=" " ind2="1" tag="264">
      <marc:subfield code="b">Ueberreuter</marc:subfield>
      <marc:subfield code="c">2025</marc:subfield>
   </marc:datafield>
   <marc:datafield ind1="1" ind2=" " tag="520">
      <marc:subfield code="a">Zeitgeschichte lebendig und ergreifend dargestellt. Die dramatische Geschichte des letzten Kriegsjahres! Über das Jahr 1945 sind viele Bücher erschienen, aber dieses erzählt die dramatische Geschichte dieses letzten Kriegsjahres neu und packend. Lesen Sie, wie jener Mann, der Bruno Kreisky vor dem KZ gerettet hat, 1945 zum Kriegsverbrecher wurde, wie ein NS-belasteter Arzt zum Retter des Wiener AKH wurde, warum der Regisseur Franz Antel 1945 im Zuchthaus saß, wie Oskar Werner mit seiner Familie vor der Roten Armee floh, und warum die berühmte Weihnachtsrede Leopold Figls eine Erfindung ist: Er hat 1945 gar keine Weihnachtsrede gehalten.  Herbert Lackner macht Geschichte lebendig - mit dramatischen Schicksalen und überraschenden Enthüllungen. Aber es ist auch sein persönlichstes Buch. Der Autor erzählt anhand von Tagesbuchnotizen seiner Eltern, wie junge Menschen die letzten Monate des Weltkriegs erlebt haben.</marc:subfield>
   </marc:datafield>
   <marc:datafield ind1=" " ind2=" " tag="020">
      <marc:subfield code="a">9783800078851</marc:subfield>
      <marc:subfield code="9">9783800078851</marc:subfield>
   </marc:datafield>
</marc:record>
